MARC details
| 000 -LEADER |
| fixed length control field |
01929cam a2200481Ia 4500 |
| 001 - CONTROL NUMBER |
| control field |
59170026 |
| 003 - CONTROL NUMBER IDENTIFIER |
| control field |
OCoLC |
| 005 - DATE AND TIME OF LATEST TRANSACTION |
| control field |
20171024140403.0 |
| 008 - FIXED-LENGTH DATA ELEMENTS--GENERAL INFORMATION |
| fixed length control field |
050420s2005 nyua b 000 1 spa d |
| 020 ## - INTERNATIONAL STANDARD BOOK NUMBER |
| International Standard Book Number |
1575651521 (pbk.) : |
| Terms of availability |
$14.95 |
| 020 ## - INTERNATIONAL STANDARD BOOK NUMBER |
| International Standard Book Number |
9781575651521 (pbk.) |
| 040 ## - CATALOGING SOURCE |
| Original cataloging agency |
DPU |
| Transcribing agency |
DPU |
| Modifying agency |
BAKER |
| -- |
TEF |
| -- |
SFR |
| -- |
UtOrBLW |
| 041 1# - LANGUAGE CODE |
| Language code of text/sound track or separate title |
spa |
| Language code of original |
eng |
| 050 14 - LIBRARY OF CONGRESS CALL NUMBER |
| Classification number |
PZ73.K1562 |
| Item number |
Que 2005 |
| 092 ## - LOCALLY ASSIGNED DEWEY CALL NUMBER (OCLC) |
| Classification number |
SPANISH jR |
| Item number |
KASS |
| 100 1# - MAIN ENTRY--PERSONAL NAME |
| Personal name |
Kassirer, Sue. |
| 240 10 - UNIFORM TITLE |
| Uniform title |
<a href="What's next, Nina?">What's next, Nina?</a> |
| Language of a work |
Spanish. |
| 245 10 - TITLE STATEMENT |
| Title |
Que sigue, Nina? / |
| Statement of responsibility, etc. |
escrito por Sue Kassirer ; ilustrado por Page Eastburn O'Rourke ; adaptacion al espanol por Alma B. Ramirez. |
| 260 ## - PUBLICATION, DISTRIBUTION, ETC. (IMPRINT) |
| Place of publication, distribution, etc. |
New York : |
| Name of publisher, distributor, etc. |
Kane Press, |
| Date of publication, distribution, etc. |
c2005. |
| 300 ## - PHYSICAL DESCRIPTION |
| Extent |
32 p. : |
| Other physical details |
chiefly col. ill. ; |
| Dimensions |
23 cm. |
| 336 ## - CONTENT TYPE |
| Content type term |
text |
| Content type code |
txt |
| Source |
rdacontent. |
| 337 ## - MEDIA TYPE |
| Media type term |
unmediated |
| Media type code |
n |
| Source |
rdamedia. |
| 338 ## - CARRIER TYPE |
| Carrier type term |
volume |
| Carrier type code |
nc |
| Source |
rdacarrier. |
| 490 1# - SERIES STATEMENT |
| Series statement |
Math matters en espanol. |
| 500 ## - GENERAL NOTE |
| General note |
Translation of: What's next, Nina? |
| 500 ## - GENERAL NOTE |
| General note |
"Concepto matematico: los patrones"--P. [4] of cover. |
| 500 ## - GENERAL NOTE |
| General note |
"Con actividades divertidas!"--Cover. |
| 520 ## - SUMMARY, ETC. |
| Summary, etc. |
Nina quiere lucir elegante en la fiesta, por eso toma prestado el collar de su hermana, sin saber que algo terrible suceder©Ł. |
| 520 ## - SUMMARY, ETC. |
| Summary, etc. |
When the string of a borrowed necklace breaks, Nina must quickly get the beads back in order and restrung before her sister finds out. |
| 521 0# - TARGET AUDIENCE NOTE |
| Target audience note |
"Grados K-2"--P. [4] of cover. |
| 521 1# - TARGET AUDIENCE NOTE |
| Target audience note |
"Edades 5-7"--P. [4] of cover. |
| 526 ## - STUDY PROGRAM INFORMATION NOTE |
| Program name |
Accelerated Reader |
| Interest level |
LG |
| Reading level |
2.1 |
| Title point value |
0.5 |
| Public note |
53221. |
| 650 #0 - SUBJECT ADDED ENTRY--TOPICAL TERM |
| Topical term or geographic name as entry element |
Sequences (Mathematics) |
| Form subdivision |
Juvenile fiction. |
| 650 #1 - SUBJECT ADDED ENTRY--TOPICAL TERM |
| Topical term or geographic name as entry element |
Parties |
| Form subdivision |
Fiction. |
| 650 #1 - SUBJECT ADDED ENTRY--TOPICAL TERM |
| Topical term or geographic name as entry element |
Sisters |
| Form subdivision |
Fiction. |
| 650 #4 - SUBJECT ADDED ENTRY--TOPICAL TERM |
| Topical term or geographic name as entry element |
Sucesiones (Matem©Łticas) |
| Form subdivision |
Ficci©đn juvenil. |
| 650 #4 - SUBJECT ADDED ENTRY--TOPICAL TERM |
| Topical term or geographic name as entry element |
Fiestas |
| Form subdivision |
Ficci©đn juvenil. |
| 650 #4 - SUBJECT ADDED ENTRY--TOPICAL TERM |
| Topical term or geographic name as entry element |
Hermanas |
| Form subdivision |
Ficci©đn juvenil. |
| 700 1# - ADDED ENTRY--PERSONAL NAME |
| Personal name |
O'Rourke, Page Eastburn, |
| Relator term |
ill. |
| 700 1# - ADDED ENTRY--PERSONAL NAME |
| Personal name |
Ramirez, Alma. |
| 830 #0 - SERIES ADDED ENTRY--UNIFORM TITLE |
| Uniform title |
Math matters. |
| Language of a work |
Spanish. |
| 942 ## - ADDED ENTRY ELEMENTS (KOHA) |
| Koha item type |
Libro/Book |